Teoría y práctica de la educación y la enseñanza : (Record no. 56337)

MARC details
000 -CABECERA
campo de control de longitud fija 00575nam a2200181 a 4500
005 - FECHA Y HORA DE LA ÚLTIMA TRANSACCIÓN
campo de control 20240607063638.0
008 - ELEMENTOS DE LONGITUD FIJA--INFORMACIÓN GENERAL
campo de control de longitud fija 991125s1897 mx 000 0 spa u
035 ## - NÚMERO DE CONTROL DEL SISTEMA
Número de control de sistema UPN01000056337
049 ## - COLECCIÓN
Colección CE
050 #4 - SIGNATURA TOPOGRÁFICA DE LA BIBLIOTECA DEL CONGRESO
Número de clasificación LB14.5
Número de documento/Ítem C3.7
100 1# - ASIENTO PRINCIPAL--NOMBRE PERSONAL
Nombre de persona Cadena, Longinos,
Fechas asociadas al nombre 1862-1933
9 (RLIN) 28621
245 10 - MENCIÓN DE TÍTULO
Título Teoría y práctica de la educación y la enseñanza :
Resto del título ensayo filosófico /
Mención de responsabilidad, etc. Longinos Cadena.
260 ## - PUBLICACIÓN, DISTRIBUCIÓN, ETC.
Lugar de publicación, distribución, etc. México :
Nombre del editor, distribuidor, etc. Talleres de la Librería Religiosa,
Fecha de publicación, distribución, etc. 1897.
300 ## - DESCRIPCIÓN FÍSICA
Extensión 442 p.
520 ## - NOTA DE RESUMEN, ETC.
Sumario, etc. Fotocopia
650 #2 - ASIENTO SECUNDARIO DE MATERIA - TERMINO TEMATICO
Término de materia o nombre geográfico como elemento de entrada Educación
Subdivisión general Filosofía
Subdivisión geográfica México
9 (RLIN) 15786
905 ## - TIPO DE MATERIAL
Tipo de material Libro
Holdings
Estado de retiro Estado de pérdida Fuente del sistema de clasificación o colocación Estado dañado No para préstamo Código de colección Localización permanente Ubicación/localización actual Ubicación en estantería Fecha de adquisición Clasificación Código de barras Fecha visto por última vez Número de copia Tipo de ítem Koha Total de préstamos
    Library of Congress Classification   Disponible (Previa cita) Fondo Reservado de libros Bib. Gregorio Torres Quintero Bib. Gregorio Torres Quintero Sala de Fondos Reservados Planta alta 18/11/2022 LB14.5 C3.7 158062 31/12/2020 1 Libro  
    Library of Congress Classification   Coleccion Esp. Colección Especial Bib. Gregorio Torres Quintero Bib. Gregorio Torres Quintero Colección Especial   LB14.5 C3.7 158026 31/12/2020 1 Libro